| 000 | 00836nas a2200265 4500 | ||
|---|---|---|---|
| 001 | BR9203819 | ||
| 003 | BR-BrBNA | ||
| 005 | 20231205095102.0 | ||
| 007 | ta | ||
| 008 | 230509b bl.|||p| |||| 00| 00por d | ||
| 040 |
_aBR-BrBNA _bpor _cBiblioteca Nacional de Agricultura |
||
| 041 | _a(Pt) | ||
| 072 | _aE11 | ||
| 100 | 1 | _aHartz, J.L. | |
| 100 | 1 | _aRossato, R. | |
| 245 | 1 | _aNivel de situacao economica dos parceleiros assentados em projetos de colonizacao dirigida. Pad. Anaua - Roraima | |
| 650 | _aDistribuicao de Terra | ||
| 650 | _aParceria | ||
| 650 | _aPequeno Produtor | ||
| 650 | _aMao-de-Obra | ||
| 650 | _aFamilia | ||
| 773 | 0 |
_tRevista do Centro de Ciencias Rurais (Brazil) _xISSN 0085-5901 _g(Jul-Sep 1987), v. 17(3) p. 235-249 _wBR9203819 |
|
| 909 |
_a202311 _bLúcia _c55 _dLúcia Elande |
||
| 942 |
_2AGRIS _n0 _cANA |
||
| 999 |
_c148636 _d148636 |
||